| 000 | 01010cam a2200289 a 4500 | ||
|---|---|---|---|
| 999 |
_c41131 _d41131 |
||
| 001 | 12897886 | ||
| 003 | OSt | ||
| 005 | 20210914104259.0 | ||
| 008 | 020816s2003 caua b 001 0 eng | ||
| 010 | _a 2002511525 | ||
| 020 | _a9788131704417 | ||
| 040 |
_aDLC _cDLC _dDLC |
||
| 050 | 0 | 0 |
_aQC174.12 _b.L52 2003 |
| 082 | 0 | 4 |
_a530.12 _220 _bLIB/I |
| 100 |
_aLiboff, Richard L _d1931-2014. _94430 |
||
| 245 | 1 | 0 |
_aIntroductory quantum mechanics / _cRichard L. Liboff. |
| 246 | 3 | 0 | _aQuantum mechanics |
| 250 | _a4th ed. | ||
| 260 |
_aSan Francisco : _bAddison-Wesley, _cc2003. |
||
| 300 |
_axvii, 878 p. : _bill. ; _c25 cm. |
||
| 504 | _aIncludes bibliographical references and index. | ||
| 650 | 0 | _aQuantum theory. | |
| 856 | 4 | 1 |
_3Table of contents _uhttp://www.loc.gov/catdir/toc/fy034/2002511525.html |
| 906 |
_a7 _bcbc _corigcop _d2 _encip _f20 _gy-gencatlg |
||
| 942 |
_2ddc _cBK _h530.12 _iLIB/I _k530.12 _mLIB/I |
||